000 00523nmm a2200169Ia 4500
008 251105s9999||||xx |||||||||||||||||und||
020 _a1882528123
041 _aeng
100 _aJones, Philip (ed.)
245 4 _aThe "Secreto de los secretos": a Castillian version
264 _a[Washington, Estados Unidos] :
_bScripta Humanistica,
_c1995
300 _a111 páginas
490 _aSpanish Medieval Literature
650 _aSpanish literature
856 _uhttps://public.digitaliapublishing.com/a/277
942 _cCF
999 _c72992
_d72992